000 00842nam a2200253 a 4500
001 BRCA_5354
005 20190320205038.0
008 081210c1981----enkaf#####---#000-0#eng-#
020 _a0297780255
041 _aeng
044 _aenk
050 4 _aN5208.5
_b.C47 1981
245 1 0 _aChristie´s review of the season 1981
_cedited by John Herbert ; desing and layout by Norman Ball.
260 _aLondres
_bWeidenfeld and Nicolson
_c1981
300 _a520 p.
_bil. (algunas a color)
_c27 cm.
500 _aIncluye índice de nombres
500 _aDonación Dr. Héctor Rivero Borrell Vázquez
650 1 4 _aArte
_xColeccionistas y colecciones
_97445
650 1 4 _aSubastas
_xColeccionistas y colecciones
_910730
700 1 _aHerbert, John
_eEditor
_913717
700 1 _aBall, Norman
_eDiseñador
_913718
902 _aDHR
942 _2lcc
_cB
999 _c5048
_d5048